Future of trade relations within the 16+1 group: risks and opportunities
Štylizované fakty o aktuálnych trendoch v obchode medzi Čínou a krajinami SVE (model 16+1). Aktuálne výzvy a príležitosti vzájomnej spolupráce. Iniciatíva One Belt, One Road.
Saved in:
| Main Author: | |
|---|---|
| Format: | Book Chapter |
| Language: | English |
| Subjects: | |
| Tags: |
No Tags, Be the first to tag this record!
|
MARC
| LEADER | 00000naa a2200000 4500 | ||
|---|---|---|---|
| 001 | 0216255 | ||
| 005 | 20231208105857.3 | ||
| 041 | 0 | |a eng | |
| 044 | |a SK | ||
| 245 | 1 | 0 | |a Future of trade relations within the 16+1 group: risks and opportunities |c Vilém Semerák |
| 520 | |a Štylizované fakty o aktuálnych trendoch v obchode medzi Čínou a krajinami SVE (model 16+1). Aktuálne výzvy a príležitosti vzájomnej spolupráce. Iniciatíva One Belt, One Road. | ||
| 610 | 2 | 0 | |a vzťahy hospodárske vonkajšie |
| 610 | 2 | 0 | |a vzťahy obchodné |
| 610 | 2 | 0 | |a vzťahy hospodárske medzinárodné |
| 610 | 2 | 0 | |a Čína |
| 610 | 2 | 0 | |a stredná Európa |
| 610 | 2 | 0 | |a východná Európa |
| 100 | 1 | |a Semerák, Vilém | |